[Event "Itzehoe op"]
[Site "Itzehoe"]
[Date "2022.10.02"]
[Round "3"]
[White "Fuhrmann, Aeke"]
[Black "Wulf von Moers, Jens"]
[Result "0-1"]
[WhiteElo "1939"]
[BlackElo "2158"]
[PlyCount "68"]
[EventDate "2022.10.01"]
[EventType "swiss"]
[EventRounds "5"]
[EventCountry "GER"]
[SourceTitle "CBM 210 Extra"]
[Source "ChessBase"]
[SourceDate "2022.11.30"]
[SourceVersion "1"]
[SourceVersionDate "2022.11.30"]
[SourceQuality "1"]

1. d4 d5 2. c4 e6 3. Nf3 c5 4. cxd5 exd5 5. g3 Nc6 6. Bg2 Nf6 7. Nc3 Be7 8. 0-0 0-0 9. Bg5 c4 10. b3 h6 11. Be3 Bb4 12. Qc1 Qa5 13. Nb1 cxb3 14. a3 Be6 15. Nbd2 b2 16. Qxb2 Bc3 17. Qxb7 Bxa1 18. Rxa1 Rac8 19. Nb3 Qb6 20. Qxb6 axb6 21. Nfd2 Ra8 22. Bf4 Rfc8 23. f3 Na5 24. Rb1 Nc4 25. Nxc4 Rxc4 26. Bd6 Rc2 27. e4 dxe4 28. fxe4 Bxb3 29. Rxb3 Rac8 30. Bf4 Ra2 31. e5 Rcc2 32. Bf1 Nd5 33. Rb1 g5 34. Bc1 Nc3 0-1

[Event "Itzehoe op"]
[Site "Itzehoe"]
[Date "2022.10.02"]
[Round "4"]
[White "Trapp, Hannes"]
[Black "Fuhrmann, Aeke"]
[Result "1/2-1/2"]
[WhiteElo "1664"]
[BlackElo "1939"]
[PlyCount "95"]
[EventDate "2022.10.01"]
[EventType "swiss"]
[EventRounds "5"]
[EventCountry "GER"]
[SourceTitle "CBM 210 Extra"]
[Source "ChessBase"]
[SourceDate "2022.11.30"]
[SourceVersion "1"]
[SourceVersionDate "2022.11.30"]
[SourceQuality "1"]

1. d4 Nf6 2. e3 g6 3. Bd3 d5 4. f4 Bg7 5. Nf3 c5 6. c3 b6 7. 0-0 0-0 8. Nbd2 Nc6 9. Ne5 Bb7 10. Nxc6 Bxc6 11. Qe2 Ne4 12. f5 e5 13. fxe6 fxe6 14. Rxf8+ Qxf8 15. Nxe4 dxe4 16. Bc4 Bd5 17. Bd2 Qd6 18. Be1 Bxc4 19. Qxc4 Qd5 20. Qe2 e5 21. dxc5 Qxc5 22. Rd1 Bh6 23. Bf2 Rf8 24. c4 Rc8 25. b3 Re8 26. Qd2 Kg7 27. Kf1 Re7 28. Ke2 Qc8 29. Qd6 Qc7 30. Qxc7 Rxc7 31. Bg3 Re7 32. Rd5 Kf6 33. Rd6+ Re6 34. Rd7 Re7 35. Rxe7 Kxe7 36. Bxe5 Kd7 37. b4 Kc6 38. Bd4 Bf8 39. b5+ Kd6 40. Kf2 Ke6 41. g4 Bd6 42. h3 Be7 43. a4 Bb4 44. Ke2 Kd6 45. h4 h5 46. gxh5 gxh5 47. Kd1 Ke6 48. Ke2 1/2-1/2

[Event "Kiel op 34th"]
[Site "Kiel"]
[Date "2022.07.31"]
[Round "3"]
[White "Fuhrmann, Aeke"]
[Black "Farokhi, Keyvan"]
[Result "1/2-1/2"]
[WhiteElo "1942"]
[BlackElo "2332"]
[PlyCount "35"]
[EventDate "2022.07.30"]
[EventType "swiss"]
[EventRounds "9"]
[EventCountry "GER"]
[SourceTitle "CBM 209 Extra"]
[Source "ChessBase"]
[SourceDate "2022.09.30"]
[SourceVersion "1"]
[SourceVersionDate "2022.09.30"]
[SourceQuality "1"]

1. d4 Nf6 2. c4 c5 3. d5 b5 4. cxb5 a6 5. bxa6 g6 6. g3 Bg7 7. Bg2 d6 8. Nc3 0-0 9. Nf3 Bxa6 10. 0-0 Nbd7 11. Rb1 Qa5 12. Qc2 Nb6 13. Nd2 c4 14. b4 cxb3 15. Nxb3 Qb4 16. Na1 Qa5 17. Nb3 Qb4 18. Na1 1/2-1/2

[Event "GER-chT U20"]
[Site "Kiel"]
[Date "2022.07.23"]
[Round "1.1"]
[White "Fuhrmann, Aeke"]
[Black "Steinberger, Michael"]
[Result "1/2-1/2"]
[WhiteElo "1942"]
[BlackElo "1526"]
[PlyCount "55"]
[EventDate "2022.07.22"]
[EventType "team-swiss"]
[EventRounds "7"]
[EventCountry "GER"]
[SourceTitle "CBM 209 Extra"]
[Source "ChessBase"]
[SourceDate "2022.09.30"]
[SourceVersion "1"]
[SourceVersionDate "2022.09.30"]
[SourceQuality "1"]
[WhiteTeam "Hamburger SK"]
[BlackTeam "Augsburg"]
[WhiteTeamCountry "GER"]
[BlackTeamCountry "GER"]

1. c4 e5 2. g3 Nc6 3. Bg2 d6 4. Nc3 g6 5. d3 Bg7 6. e4 Be6 7. Be3 Qd7 8. Nd5 f5 9. exf5 Bxf5 10. Ne2 Nge7 11. Nxe7 Qxe7 12. 0-0 0-0 13. Qd2 a6 14. h3 Rab8 15. Rae1 Qd7 16. Kh2 Be6 17. Nc3 Ne7 18. Ne4 c6 19. f4 Nf5 20. Ng5 Nxe3 21. Qxe3 Rbe8 22. fxe5 Rxf1 23. Bxf1 dxe5 24. Nxe6 Qxe6 25. Bg2 Qf7 26. b3 Rd8 27. Rf1 Qd7 28. Be4 1/2-1/2

[Event "GER-chT U20"]
[Site "Willingen"]
[Date "2021.06.26"]
[Round "5"]
[White "Fuhrmann, Aeke"]
[Black "Mohammadi Nia, Borna"]
[Result "0-1"]
[WhiteElo "1912"]
[BlackElo "2079"]
[PlyCount "106"]
[EventDate "2021.06.24"]
[EventType "team-swiss"]
[EventRounds "7"]
[EventCountry "GER"]
[SourceTitle "CBM 203 Extra"]
[Source "ChessBase"]
[SourceDate "2021.09.30"]
[SourceVersion "1"]
[SourceVersionDate "2021.09.30"]
[SourceQuality "1"]
[WhiteTeam "Hamburger SK"]
[BlackTeam "Porz SG"]
[WhiteTeamCountry "GER"]
[BlackTeamCountry "GER"]

1. c4 c5 2. g3 g6 3. Bg2 Bg7 4. Nc3 Nc6 5. a3 d6 6. Rb1 a5 7. e4 Nf6 8. d3 0-0 9. Nge2 Ne8 10. Be3 Nc7 11. 0-0 Rb8 12. d4 cxd4 13. Nxd4 Ne5 14. b3 Ng4 15. Bc1 Ne6 16. Nxe6 Bxe6 17. Qc2 Qd7 18. h3 Nf6 19. Kh2 Rfc8 20. f4 Qd8 21. Qd3 Nd7 22. Be3 Nc5 23. Qd2 a4 24. Bxc5 Bxc3 25. Qxc3 Rxc5 26. f5 gxf5 27. exf5 Bxf5 28. b4 Re5 29. Rbe1 Rxe1 30. Rxf5 Re5 31. Rxe5 dxe5 32. Qxe5 Qd6 33. Qg5+ Kf8 34. Qf5 h6 35. Bxb7 e6 36. Qf3 Qd2+ 37. Qg2 Qc3 38. Qc6 Qb2+ 39. Kh1 Qc1+ 40. Kh2 Qc2+ 41. Kh1 Rd8 42. Qc5+ Kg8 43. Bg2 Qc1+ 44. Kh2 Qxa3 45. Qa5 Rb8 46. b5 Qb3 47. Qa7 Rd8 48. Qc7 Rf8 49. Qf4 Qc3 50. Qxh6 a3 51. Be4 Qg7 52. Qxg7+ Kxg7 53. Bb1 Rd8 0-1

[Event "GER-ch Net Amateur Gr-A Vor2"]
[Site "Playchess.com INT"]
[Date "2020.04.15"]
[Round "1"]
[White "Wolf, Christoph"]
[Black "Fuhrmann, Aeke"]
[Result "1-0"]
[WhiteElo "1904"]
[BlackElo "1542"]
[PlyCount "97"]
[EventDate "2020.04.15"]
[EventType "swiss (blitz)"]
[EventRounds "9"]
[EventCountry "GER"]
[SourceTitle "CBM 196 Extra"]
[Source "ChessBase"]
[SourceDate "2020.07.31"]
[SourceVersion "1"]
[SourceVersionDate "2020.07.31"]
[SourceQuality "1"]

1. e4 c5 2. Nf3 d6 3. Nc3 Nf6 4. e5 dxe5 5. Nxe5 Nbd7 6. Nc4 g6 7. g3 Bg7 8. Bg2 0-0 9. 0-0 Rb8 10. a4 b6 11. d3 Bb7 12. Bf4 Bxg2 13. Kxg2 Rc8 14. Nb5 a6 15. Na7 Ra8 16. Nc6 Qe8 17. Re1 Nd5 18. Nd6 Nxf4+ 19. gxf4 exd6 20. Rxe8 Rfxe8 21. c3 Rac8 22. Qf3 Nf6 23. a5 b5 24. d4 cxd4 25. Nxd4 d5 26. Kf1 Ne4 27. Kg2 Bxd4 28. cxd4 Rc2 29. Qb3 Rxf2+ 30. Kh3 Rxf4 31. Qxd5 Nf6 32. Qc6 Re3+ 33. Kg2 Ng4 34. Rf1 Re2+ 35. Kg1 Rxf1+ 36. Kxf1 Rf2+ 37. Ke1 Kg7 38. Qxa6 Rxb2 39. Qc8 Nxh2 40. a6 Nf3+ 41. Kd1 Rd2+ 42. Kc1 Rxd4 43. Qc3 f6 44. Qxf3 Ra4 45. Qb7+ Kh6 46. a7 Ra1+ 47. Kb2 Rxa7 48. Qxa7 Kh5 49. Qb6 1-0

[Event "GER-chT U20"]
[Site "Braunschweig"]
[Date "2019.12.28"]
[Round "3.1"]
[White "Elier, Ali"]
[Black "Fuhrmann, Aeke"]
[Result "1-0"]
[WhiteElo "2032"]
[BlackElo "1879"]
[PlyCount "101"]
[EventDate "2019.12.27"]
[EventType "team-swiss"]
[EventRounds "7"]
[EventCountry "GER"]
[SourceTitle "CBM 194 Extra"]
[Source "ChessBase"]
[SourceDate "2020.03.31"]
[SourceVersion "1"]
[SourceVersionDate "2020.03.31"]
[SourceQuality "1"]
[WhiteTeam "Brackel"]
[BlackTeam "Hamburger SK"]
[WhiteTeamCountry "GER"]
[BlackTeamCountry "GER"]

1. e4 c5 2. d4 cxd4 3. c3 Nf6 4. e5 Nd5 5. Nf3 Nc6 6. Bc4 Nb6 7. Bb3 d5 8. exd6 Qxd6 9. Na3 a6 10. cxd4 Be6 11. 0-0 Bxb3 12. Qxb3 Qb4 13. Qd3 e6 14. Bd2 Qd6 15. Qb3 Nb4 16. Rac1 N4d5 17. Ne5 Be7 18. Nac4 Nxc4 19. Nxc4 Qd7 20. Nb6 Nxb6 21. Qxb6 0-0 22. Rc7 Bd8 23. Rxd7 Bxb6 24. Rxb7 Bxd4 25. b4 Rfc8 26. Be3 Bxe3 27. fxe3 f6 28. Rd1 Rd8 29. Rxd8+ Rxd8 30. Ra7 Rd6 31. Kf2 h5 32. Ke2 Kh7 33. Rb7 Kg6 34. a4 Kf5 35. a5 g5 36. Rb6 Ke5 37. b5 axb5 38. Rxb5+ Rd5 39. Rxd5+ Kxd5 40. Kd3 Kc5 41. e4 Kb5 42. Kd4 Kxa5 43. Kc5 f5 44. exf5 exf5 45. Kd5 f4 46. Ke5 f3 47. gxf3 g4 48. fxg4 hxg4 49. Kf4 Kb5 50. Kxg4 Kc6 51. Kf5 1-0

[Event "GER-chT U20"]
[Site "Braunschweig"]
[Date "2019.12.27"]
[Round "2.1"]
[White "Hoffmann, Lennard"]
[Black "Fuhrmann, Aeke"]
[Result "1/2-1/2"]
[WhiteElo "2059"]
[BlackElo "1879"]
[PlyCount "88"]
[EventDate "2019.12.27"]
[EventType "team-swiss"]
[EventRounds "7"]
[EventCountry "GER"]
[SourceTitle "CBM 194 Extra"]
[Source "ChessBase"]
[SourceDate "2020.03.31"]
[SourceVersion "1"]
[SourceVersionDate "2020.03.31"]
[SourceQuality "1"]
[WhiteTeam "Magdeburg Aufbau Elbe"]
[BlackTeam "Hamburger SK"]
[WhiteTeamCountry "GER"]
[BlackTeamCountry "GER"]

1. e4 c5 2. Nf3 d6 3. d4 cxd4 4. Nxd4 Nf6 5. Nc3 g6 6. Be3 Bg7 7. f3 0-0 8. Qd2 Nc6 9. 0-0-0 d5 10. exd5 Nxd5 11. Nxc6 bxc6 12. Bd4 Bxd4 13. Qxd4 Qb6 14. Nxd5 cxd5 15. h4 Qxd4 16. Rxd4 Bb7 17. h5 e5 18. Rb4 Bc6 19. Bd3 f5 20. hxg6 hxg6 21. Rbh4 Kf7 22. Rh7+ Ke6 23. R1h6 Rg8 24. g4 e4 25. gxf5+ Kxf5 26. fxe4+ dxe4 27. Bc4 Rgf8 28. Kd2 Kg5 29. Rh2 Rad8+ 30. Ke2 e3 31. R2h3 Bd7 32. Rg3+ Bg4+ 33. Kxe3 Rfe8+ 34. Kf2 Rd2+ 35. Kf1 Rxc2 36. Bd3 Rxb2 37. Rxa7 Kf4 38. Rxg4+ Kxg4 39. Bxg6 Rc8 40. Re7 Rc3 41. Re2 Rf3+ 42. Ke1 Rxe2+ 43. Kxe2 Kg3 44. Bc2 Ra3 1/2-1/2

[Event "Blankenese op 3rd"]
[Site "Hamburg"]
[Date "2019.10.03"]
[Round "1"]
[White "Fuhrmann, Aeke"]
[Black "Kaiser, Guenter"]
[Result "1-0"]
[WhiteElo "1963"]
[BlackElo "1460"]
[PlyCount "59"]
[EventDate "2019.10.03"]
[EventType "swiss"]
[EventRounds "7"]
[EventCountry "GER"]
[SourceTitle "EXT 2023"]
[Source "ChessBase"]
[SourceDate "2022.10.05"]
[SourceVersion "1"]
[SourceVersionDate "2022.10.05"]
[SourceQuality "1"]

1. c4 d6 2. g3 g6 3. Bg2 Bg7 4. Nc3 Nf6 5. e4 e5 6. Nge2 c6 7. d3 Na6 8. 0-0 Nc7 9. h3 0-0 10. f4 exf4 11. Nxf4 Ne6 12. Nxe6 Bxe6 13. Kh2 Nd7 14. Bf4 Be5 15. Qd2 Bxf4 16. Rxf4 Ne5 17. b3 Kg7 18. d4 Nd7 19. d5 cxd5 20. cxd5 Bxh3 21. Bxh3 Ne5 22. Nb5 g5 23. Rff1 a6 24. Nd4 g4 25. Nf5+ Kh8 26. Bg2 Rg8 27. Nh6 Rg7 28. Qf4 Qe7 29. Qf6 Qc7 30. Nf5 1-0

[Event "Hamburg-ch MA"]
[Site "Hamburg"]
[Date "2019.06.10"]
[Round "3"]
[White "Schroeder, Christoph"]
[Black "Fuhrmann, Aeke"]
[Result "1/2-1/2"]
[WhiteElo "2137"]
[BlackElo "1873"]
[PlyCount "72"]
[EventDate "2019.06.08"]
[EventType "swiss"]
[EventRounds "9"]
[EventCountry "GER"]
[SourceTitle "EXT 2022"]
[Source "ChessBase"]
[SourceDate "2021.10.06"]
[SourceVersion "1"]
[SourceVersionDate "2021.10.06"]
[SourceQuality "1"]

1. c4 g6 2. Nc3 Bg7 3. d4 Nf6 4. e4 d6 5. Be2 0-0 6. Be3 e5 7. d5 a5 8. g4 Na6 9. g5 Ne8 10. h4 Nc5 11. Nf3 b6 12. h5 Bd7 13. Nh4 c6 14. f3 Nc7 15. Kf2 cxd5 16. cxd5 b5 17. Qd2 b4 18. Nd1 Rc8 19. Rc1 Nb5 20. Bxb5 Bxb5 21. Bxc5 Rxc5 22. Rxc5 Qb6 23. Qe3 dxc5 24. Kg3 Qd6 25. Nf2 c4 26. Ng4 Rc8 27. Rc1 Rc7 28. Nh6+ Bxh6 29. gxh6 Bd7 30. hxg6 hxg6 31. h7+ Kxh7 32. Rh1 Kg7 33. Qg5 Qf6 34. Nf5+ Bxf5 35. Qh6+ Kg8 36. exf5 Qg7 1/2-1/2

[Event "Hamburg HSK Christmas op 4th"]
[Site "Hamburg"]
[Date "2018.12.29"]
[Round "5"]
[White "Fuhrmann, Aeke"]
[Black "Grabbel, Lennart Christian"]
[Result "1/2-1/2"]
[WhiteElo "1955"]
[BlackElo "1823"]
[PlyCount "67"]
[EventDate "2018.12.27"]
[EventType "swiss"]
[EventRounds "7"]
[EventCountry "GER"]
[SourceTitle "CBM 188 Extra"]
[Source "ChessBase"]
[SourceDate "2019.02.26"]
[SourceVersion "1"]
[SourceVersionDate "2019.02.26"]
[SourceQuality "1"]

1. c4 c5 2. g3 Nc6 3. Bg2 g6 4. Nc3 Bg7 5. a3 e6 6. Rb1 Nge7 7. b4 cxb4 8. axb4 0-0 9. Nf3 d5 10. cxd5 Nxd5 11. Nxd5 Qxd5 12. 0-0 e5 13. d3 Qd6 14. Qa4 Bd7 15. b5 Ne7 16. Ba3 Qf6 17. Nd2 a6 18. Ne4 Qe6 19. Nc5 Qd6 20. Nxb7 Qf6 21. Qb4 Nf5 22. Nc5 Bxb5 23. Bxa8 Rxa8 24. Ne4 Qd8 25. Rfc1 Nd4 26. Nc3 Rc8 27. Kf1 Bh6 28. Nxb5 Bxc1 29. Nxd4 Bxa3 30. Qxa3 Qxd4 31. Qxa6 Qd7 32. Qf6 Qd5 33. Qf3 Qxf3 34. exf3 1/2-1/2

[Event "Hamburg HSK Christmas op 4th"]
[Site "Hamburg"]
[Date "2018.12.28"]
[Round "3"]
[White "Fuhrmann, Aeke"]
[Black "Perschk, Bendix"]
[Result "1/2-1/2"]
[WhiteElo "1955"]
[BlackElo "1694"]
[PlyCount "79"]
[EventDate "2018.12.27"]
[EventType "swiss"]
[EventRounds "7"]
[EventCountry "GER"]
[SourceTitle "CBM 188 Extra"]
[Source "ChessBase"]
[SourceDate "2019.02.26"]
[SourceVersion "1"]
[SourceVersionDate "2019.02.26"]
[SourceQuality "1"]

1. c4 h5 2. Nf3 h4 3. d4 d6 4. h3 Nf6 5. Nc3 Bf5 6. Bg5 Ne4 7. Bxh4 c5 8. Nxe4 Bxe4 9. Bg3 Bxf3 10. exf3 Qa5+ 11. Qd2 Qxd2+ 12. Kxd2 cxd4 13. Bd3 g6 14. Rhe1 Bh6+ 15. Kc2 Kd7 16. f4 Nc6 17. a3 f5 18. Re2 a5 19. Rae1 Rac8 20. Bh4 Bxf4 21. Bxe7 Rh7 22. Bh4 Rxh4 23. g3 Bxg3 24. fxg3 Rxh3 25. g4 Ne5 26. Rxe5 dxe5 27. Rxe5 Rh2+ 28. Kb3 fxg4 29. Bxg6 Ra8 30. Rd5+ Kc6 31. Rxd4 a4+ 32. Kc3 Rh3+ 33. Kc2 Rf8 34. Rxg4 Rf2+ 35. Kb1 Rh1+ 36. Ka2 Rhh2 37. Be8+ Kc5 38. Rg5+ Kxc4 39. Rg4+ Kc5 40. Rb4 1/2-1/2

[Event "GER-chT U16"]
[Site "Walldorf"]
[Date "2017.12.29"]
[Round "5.4"]
[White "Wang, Xinyuan1111"]
[Black "Fuhrmann, Aeke"]
[Result "0-1"]
[WhiteElo "1711"]
[BlackElo "1884"]
[PlyCount "72"]
[EventDate "2017.12.26"]
[EventType "team-swiss"]
[EventRounds "7"]
[EventCountry "GER"]
[SourceTitle "CBM 182 Extra"]
[Source "ChessBase"]
[SourceDate "2018.02.23"]
[SourceVersion "1"]
[SourceVersionDate "2018.02.23"]
[SourceQuality "1"]
[WhiteTeam "Karlsruhe SF"]
[BlackTeam "Hamburger SK"]
[WhiteTeamCountry "GER"]
[BlackTeamCountry "GER"]

1. d4 Nf6 2. c4 g6 3. Nc3 Bg7 4. e4 d6 5. f3 0-0 6. Be3 c5 7. d5 Nbd7 8. Nge2 Ne5 9. Ng3 h5 10. h4 Re8 11. Be2 a6 12. a4 e6 13. Nf1 exd5 14. cxd5 Bd7 15. Bg5 Qc8 16. Nd2 c4 17. f4 Neg4 18. Nxc4 Qc5 19. Qc2 Nf2 20. Bxf6 Bxf6 21. Rf1 Bxc3+ 22. bxc3 Nxe4 23. 0-0-0 Ng3 24. Bd3 Bf5 25. Bxf5 Nxf5 26. Qb3 Rac8 27. Nb6 Qxc3+ 28. Qxc3 Rxc3+ 29. Kb2 Ree3 30. a5 Rb3+ 31. Ka2 Ra3+ 32. Kb2 Reb3+ 33. Kc1 Ne3 34. Rfe1 Ra1+ 35. Kd2 Ra2+ 36. Kc1 Rc2# 0-1

[Event "Kiel op 30th"]
[Site "Kiel"]
[Date "2017.07.29"]
[Round "1"]
[White "Fuhrmann, Aeke"]
[Black "Voloshin, Leonid"]
[Result "0-1"]
[WhiteElo "1783"]
[BlackElo "2382"]
[PlyCount "94"]
[EventDate "2017.07.29"]
[EventType "swiss"]
[EventRounds "9"]
[EventCountry "GER"]
[SourceTitle "EXT 2018"]
[Source "ChessBase"]
[SourceDate "2017.10.13"]
[SourceVersion "1"]
[SourceVersionDate "2017.10.13"]
[SourceQuality "1"]

1. c4 c5 2. g3 Nc6 3. Bg2 g6 4. Nc3 Bg7 5. a3 Nf6 6. Rb1 a5 7. e4 d6 8. Nge2 0-0 9. 0-0 Ne8 10. d3 Nc7 11. f4 f5 12. Be3 Ne6 13. Kh1 Ned4 14. Nb5 Nxb5 15. cxb5 Nd4 16. Bxd4 cxd4 17. Qb3+ Kh8 18. Qc4 Qb6 19. a4 Bd7 20. Rbc1 Rac8 21. Qb3 e6 22. Rxc8 Rxc8 23. Rc1 Rxc1+ 24. Nxc1 fxe4 25. Bxe4 d5 26. Bf3 Qc5 27. Ne2 Bf6 28. g4 g5 29. f5 exf5 30. Qxd5 Qxd5 31. Bxd5 b6 32. gxf5 Bxf5 33. Bc4 Be5 34. Kg2 Kg7 35. Ng1 g4 36. Ne2 Kf6 37. Ng3 Bxg3 38. hxg3 Ke5 39. Kf2 Kd6 40. Ke2 Be6 41. b3 Bd5 42. Kd2 Kc5 43. Ke2 h5 44. Ke1 Bxc4 45. dxc4 d3 46. Kd2 h4 47. Kxd3 h3 0-1

[Event "GER-ch U25-A"]
[Site "Willingen"]
[Date "2017.06.07"]
[Round "6"]
[White "Fuhrmann, Aeke"]
[Black "Wastian, Mareike"]
[Result "1-0"]
[WhiteElo "1868"]
[BlackElo "1586"]
[PlyCount "73"]
[EventDate "2017.06.04"]
[EventType "swiss"]
[EventRounds "9"]
[EventCountry "GER"]
[SourceTitle "CBM 178 Extra"]
[Source "ChessBase"]
[SourceDate "2017.06.22"]
[SourceVersion "1"]
[SourceVersionDate "2017.06.22"]
[SourceQuality "1"]

1. c4 e6 2. g3 d5 3. Bg2 c5 4. Nf3 Nf6 5. 0-0 Nc6 6. b3 Be7 7. e3 0-0 8. Bb2 b6 9. d4 Bb7 10. Nc3 dxc4 11. bxc4 Qc7 12. d5 exd5 13. Nxd5 Nxd5 14. cxd5 Nb4 15. e4 Ba6 16. Be5 Bd6 17. Bxd6 Qxd6 18. Re1 Nd3 19. Re3 Nb2 20. Qc2 Nc4 21. Ree1 Rfe8 22. Bf1 Ne5 23. Nxe5 Bxf1 24. Nxf7 Qg6 25. Kxf1 Qxf7 26. Rad1 Rad8 27. Kg2 g5 28. Qd2 Qf6 29. Re2 Rd6 30. f4 gxf4 31. gxf4 Qg6+ 32. Kh1 Kh8 33. Rg1 Qf7 34. Qb2+ Rf6 35. Rg5 Rg8 36. Reg2 Rxg5 37. fxg5 1-0

[Event "GER-ch U25-A"]
[Site "Willingen"]
[Date "2017.06.04"]
[Round "1"]
[White "Dette, Jan"]
[Black "Fuhrmann, Aeke"]
[Result "1/2-1/2"]
[WhiteElo "2024"]
[BlackElo "1868"]
[PlyCount "72"]
[EventDate "2017.06.04"]
[EventType "swiss"]
[EventRounds "9"]
[EventCountry "GER"]
[SourceTitle "CBM 178 Extra"]
[Source "ChessBase"]
[SourceDate "2017.06.22"]
[SourceVersion "1"]
[SourceVersionDate "2017.06.22"]
[SourceQuality "1"]

1. f4 Nf6 2. Nf3 g6 3. g3 Bg7 4. Bg2 0-0 5. 0-0 d6 6. d3 c5 7. e4 Nc6 8. h3 e5 9. Nc3 Nd4 10. Nxd4 cxd4 11. Ne2 Bd7 12. g4 h6 13. f5 g5 14. h4 Nh7 15. hxg5 Nxg5 16. Ng3 Rc8 17. Nh5 f6 18. c4 dxc3 19. Qb3+ Rf7 20. bxc3 Qa5 21. Bb2 Ba4 22. Qa3 Bf8 23. Qb4 Qxb4 24. cxb4 Rc2 25. Rf2 Rfc7 26. Re1 Kf7 27. a3 Bb5 28. Re3 Rxf2 29. Kxf2 Rc2+ 30. Re2 Bxd3 31. Rxc2 Bxc2 32. Ng3 Ke8 33. Ke2 Ba4 34. Kd2 Bb5 35. Kc3 a6 36. Bc1 Kd7 1/2-1/2

[Event "GER-ch U25-A"]
[Site "Willingen"]
[Date "2016.05.15"]
[Round "2"]
[White "Fuhrmann, Aeke"]
[Black "Ortmeier, Leonhard"]
[Result "1/2-1/2"]
[WhiteElo "1654"]
[BlackElo "1838"]
[PlyCount "60"]
[EventDate "2016.05.15"]
[EventType "swiss"]
[EventRounds "9"]
[EventCountry "GER"]
[SourceTitle "CBM 172 Extra"]
[Source "ChessBase"]
[SourceDate "2016.06.21"]
[SourceVersion "1"]
[SourceVersionDate "2016.06.21"]
[SourceQuality "1"]

1. c4 c5 2. g3 g6 3. Bg2 Bg7 4. Nc3 Nc6 5. d3 e6 6. e4 Nge7 7. Nge2 0-0 8. 0-0 a6 9. Rb1 Rb8 10. a3 b5 11. cxb5 axb5 12. b4 cxb4 13. axb4 Nd4 14. Nxd4 Bxd4 15. Ne2 Bg7 16. Bb2 d5 17. Bxg7 Kxg7 18. Qc2 Bb7 19. Qb2+ Kg8 20. Nd4 Qd7 21. Nb3 Rfc8 22. Nc5 Qd6 23. Rfc1 Rc7 24. Rc2 Bc8 25. e5 Qb6 26. Ra1 Kg7 27. Rc3 Ra7 28. Rxa7 Qxa7 29. Ra3 Qb6 30. d4 h5 1/2-1/2

[Event "GER-chT U14"]
[Site "Verden"]
[Date "2015.12.29"]
[Round "6.4"]
[White "Kracht, Raphael"]
[Black "Fuhrmann, Aeke"]
[Result "0-1"]
[WhiteElo "1606"]
[BlackElo "1624"]
[PlyCount "60"]
[EventDate "2015.12.27"]
[EventType "team-swiss"]
[EventRounds "7"]
[EventCountry "GER"]
[SourceTitle "EXT 2017"]
[Source "ChessBase"]
[SourceDate "2016.10.25"]
[SourceVersion "1"]
[SourceVersionDate "2016.10.25"]
[SourceQuality "1"]
[WhiteTeam "Brackel"]
[BlackTeam "Hamburger SK"]
[WhiteTeamCountry "GER"]
[BlackTeamCountry "GER"]

1. e4 c5 2. d4 cxd4 3. c3 d3 4. Bxd3 Nc6 5. c4 d6 6. h3 Nf6 7. Nc3 g6 8. Nf3 Bg7 9. 0-0 0-0 10. Be3 b6 11. Rc1 Bb7 12. Qe2 Rc8 13. Rfd1 Nd7 14. b3 Nc5 15. Bb1 a6 16. Nd4 Nxd4 17. Bxd4 Bxd4 18. Rxd4 Qc7 19. Nd5 Bxd5 20. exd5 a5 21. Qe3 e5 22. dxe6 fxe6 23. Rcd1 Rcd8 24. Qd2 Nb7 25. Be4 e5 26. Bd5+ Kh8 27. Rh4 Nc5 28. Qg5 Qg7 29. Rd2 Qf6 30. Qe3 Qxh4 0-1

[Event "GER-chT U14"]
[Site "Verden"]
[Date "2015.12.28"]
[Round "3.4"]
[White "Fuhrmann, Aeke"]
[Black "Oezdemir, Edwin Daniel"]
[Result "1-0"]
[WhiteElo "1624"]
[BlackElo "1568"]
[PlyCount "49"]
[EventDate "2015.12.27"]
[EventType "team-swiss"]
[EventRounds "7"]
[EventCountry "GER"]
[SourceTitle "EXT 2017"]
[Source "ChessBase"]
[SourceDate "2016.10.25"]
[SourceVersion "1"]
[SourceVersionDate "2016.10.25"]
[SourceQuality "1"]
[WhiteTeam "Hamburger SK"]
[BlackTeam "Duesseldorf"]
[WhiteTeamCountry "GER"]
[BlackTeamCountry "GER"]

1. c4 e6 2. g3 d5 3. cxd5 exd5 4. d4 Bb4+ 5. Nc3 c5 6. Nf3 c4 7. Bg2 Ne7 8. 0-0 Nbc6 9. a3 Bxc3 10. bxc3 0-0 11. Nd2 a5 12. a4 Na7 13. e4 Be6 14. Ba3 Re8 15. Re1 Nec6 16. exd5 Bxd5 17. Rxe8+ Qxe8 18. Bxd5 b5 19. axb5 Nxb5 20. Qa4 Nxa3 21. Bxc6 Qb8 22. Bxa8 Qxa8 23. Rxa3 Qb8 24. Qxa5 h6 25. Qa8 1-0

[Event "GER-chT U14"]
[Site "Verden"]
[Date "2015.12.27"]
[Round "1.4"]
[White "Fuhrmann, Aeke"]
[Black "Binner, Jule"]
[Result "1-0"]
[WhiteElo "1624"]
[BlackElo "1393"]
[PlyCount "89"]
[EventDate "2015.12.27"]
[EventType "team-swiss"]
[EventRounds "7"]
[EventCountry "GER"]
[SourceTitle "EXT 2017"]
[Source "ChessBase"]
[SourceDate "2016.10.25"]
[SourceVersion "1"]
[SourceVersionDate "2016.10.25"]
[SourceQuality "1"]
[WhiteTeam "Hamburger SK"]
[BlackTeam "Stetten"]
[WhiteTeamCountry "GER"]
[BlackTeamCountry "GER"]

1. c4 e5 2. g3 Nc6 3. Bg2 d6 4. Nc3 f5 5. d3 Nf6 6. e3 Be7 7. Nge2 0-0 8. 0-0 Qe8 9. a3 Qh5 10. Nd5 Bd8 11. Nec3 Qg6 12. b4 Ne7 13. b5 Rb8 14. a4 Be6 15. Ba3 Qf7 16. Nxf6+ Qxf6 17. Qc2 Bd7 18. c5 dxc5 19. Nd5 Nxd5 20. Bxd5+ Be6 21. Bxe6+ Qxe6 22. Bxc5 Rf7 23. Bxa7 Ra8 24. Bc5 Be7 25. Bxe7 Rxe7 26. Qc4 Qxc4 27. dxc4 Rd7 28. Rfd1 Rxd1+ 29. Rxd1 Kf8 30. Rd7 Rc8 31. a5 h6 32. a6 bxa6 33. bxa6 c6 34. a7 Kg8 35. Rb7 Ra8 36. Rb8+ Rxb8 37. axb8Q+ Kh7 38. Qxe5 Kg6 39. Qe6+ Kh7 40. Qxf5+ Kg8 41. e4 Kh8 42. e5 Kg8 43. e6 Kh8 44. e7 Kg8 45. e8Q# 1-0

[Event "GER-chT North U14"]
[Site "Magdeburg"]
[Date "2014.09.13"]
[Round "6.1"]
[White "Fuhrmann, Aeke"]
[Black "Kiesel, Lucas"]
[Result "0-1"]
[WhiteElo "1470"]
[BlackElo "1530"]
[PlyCount "44"]
[EventDate "2014.09.11"]
[EventType "team-swiss"]
[EventRounds "7"]
[EventCountry "GER"]
[SourceTitle "EXT 2016"]
[Source "ChessBase"]
[SourceDate "2015.10.08"]
[SourceVersion "1"]
[SourceVersionDate "2015.10.08"]
[SourceQuality "1"]
[WhiteTeam "Hamburg"]
[BlackTeam "Laatzen"]
[WhiteTeamCountry "GER"]
[BlackTeamCountry "GER"]

1. c4 Nf6 2. g3 g6 3. Bg2 Bg7 4. Nc3 0-0 5. d3 e5 6. e4 Nc6 7. Nge2 d6 8. 0-0 Nh5 9. f4 f5 10. Rb1 a5 11. Nd5 Nf6 12. Nxf6+ Qxf6 13. Nc3 Qd8 14. Nd5 Nd4 15. Be3 c6 16. Nc3 Be6 17. a3 Qd7 18. fxe5 Bxe5 19. Ne2 Nxe2+ 20. Qxe2 c5 21. Rfd1 fxe4 22. Bxe4 Bg4 0-1